[Event "Russian Championship B21 2021"]
[Site "?"]
[Date "2021.04.25"]
[Round "5.12"]
[White "Koliev, Irlan"]
[Black "Shemyakin, Valeriy"]
[Result "1/2-1/2"]
[WhiteElo "2023"]
[BlackElo "2168"]
[PlyCount "86"]
[EventDate "2021.??.??"]

1. d4 Nc6 2. c4 e5 3. d5 Nce7 4. Nc3 Ng6 5. e4 Nf6 6. h4 Bb4 7. h5 Ne7 8. f3
Bxc3+ 9. bxc3 d6 10. Bd3 Nd7 11. g4 Nc5 12. Bc2 O-O 13. Ne2 b6 14. Be3 a5 15.
Kf2 Ba6 16. Bxc5 bxc5 17. Qd3 Qd7 18. Ng3 Rfb8 19. Rab1 Nc8 20. Nf5 Nb6 21. Ne3
Rb7 22. g5 Rab8 23. g6 fxg6 24. Rbg1 Rf8 25. h6 gxh6 26. Rxh6 Rf6 27. Rgh1 Rf7
28. Kg3 Rb8 29. Ng4 Rbf8 30. Bd1 Bxc4 31. Qd2 Rg7 32. Qg5 Qe7 33. Qxe7 Rxe7 34.
Kh4 Ba6 35. Kg5 Ref7 36. R6h2 h5 37. Nh6+ Kg7 38. Nxf7 Rxf7 39. Rf2 Nd7 40. Rb2
Rf4 41. Rh4 Rf8 42. Rhh2 Rf4 43. Rh4 Rf8 1/2-1/2

[Event "Russian Championship G21 2021"]
[Site "?"]
[Date "2021.04.25"]
[Round "5.2"]
[White "Nasyrova, Ekaterina"]
[Black "Shafigullina, Zarina"]
[Result "1-0"]
[WhiteElo "2273"]
[BlackElo "2293"]
[PlyCount "73"]
[EventDate "2021.??.??"]

1. d4 Nf6 2. c4 e6 3. Nc3 Bb4 4. e3 O-O 5. Bd2 d5 6. Nf3 b6 7. cxd5 exd5 8. Bd3
Bb7 9. O-O a6 10. Ne5 Bd6 11. f4 c5 12. Be1 Ne4 13. Rf3 c4 14. Bxe4 dxe4 15.
Rh3 Bc8 16. Bh4 Be7 17. Bxe7 Qxe7 18. Rg3 b5 19. Qh5 Qb7 20. f5 f6 21. Ng4 Ra7
22. Rh3 g6 23. fxg6 Bxg4 24. Qxg4 f5 25. Qg5 Qe7 26. Qh6 Qg7 27. gxh7+ Kh8 28.
Qh4 Qe7 29. Qf4 Qc7 30. Qf2 Qc6 31. Rf1 Rg7 32. d5 Qe8 33. Ne2 Nd7 34. Nf4 Nc5
35. Qd2 Rf6 36. Qd4 Nd7 37. Nh5 1-0

[Event "Russian Championship G21 2021"]
[Site "?"]
[Date "2021.04.25"]
[Round "5.3"]
[White "Nosacheva, Mariya"]
[Black "Garmash, Aliona"]
[Result "1/2-1/2"]
[WhiteElo "2199"]
[BlackElo "2120"]
[PlyCount "83"]
[EventDate "2021.??.??"]

1. e4 c6 2. Nc3 d5 3. Nf3 Bg4 4. h3 Bxf3 5. Qxf3 e6 6. Be2 Nd7 7. O-O Bc5 8.
Rd1 Bd4 9. d3 Qf6 10. Qg3 Ne7 11. Bh5 h6 12. Ne2 Bb6 13. d4 dxe4 14. Nc3 Nf5
15. Qh2 O-O 16. Nxe4 Qh4 17. Bg4 Rad8 18. c3 Nf6 19. Bxf5 exf5 20. Nxf6+ Qxf6
21. Bf4 Rfe8 22. a4 a6 23. Re1 Re6 24. Qg3 Rde8 25. Rxe6 Rxe6 26. a5 Bd8 27.
Bc7 Bxc7 28. Qxc7 Re7 29. Qf4 Qe6 30. b4 g5 31. Qd2 f4 32. Qd3 Kg7 33. Rd1 Qe4
34. d5 Qxd3 35. Rxd3 cxd5 36. Rxd5 Rc7 37. Rd3 Kf6 38. Kf1 Ke5 39. Ke2 f5 40.
Kd2 h5 41. Rd8 h4 42. Re8+ 1/2-1/2

[Event "Russian Championship G21 2021"]
[Site "?"]
[Date "2021.04.25"]
[Round "5.4"]
[White "Sakorenko, Adriana"]
[Black "Pankova, Julia"]
[Result "1-0"]
[WhiteElo "2216"]
[BlackElo "1884"]
[PlyCount "85"]
[EventDate "2021.??.??"]

1. e4 c5 2. Nf3 d6 3. Bb5+ Bd7 4. Bxd7+ Qxd7 5. O-O Nf6 6. Qe2 Nc6 7. c3 e5 8.
Rd1 Rc8 9. Na3 Be7 10. h3 d5 11. d3 O-O 12. Bg5 Rfe8 13. Rd2 h6 14. Bh4 Nh7 15.
Bg3 Bf6 16. Nc2 d4 17. a4 Nf8 18. Na3 Na5 19. Rdd1 Nb3 20. Ra2 Qxa4 21. Qc2 b5
22. Qb1 Qa6 23. c4 Qb6 24. cxb5 Na5 25. Nc4 Nxc4 26. dxc4 Rc7 27. Ra6 Qb7 28.
Qd3 Nd7 29. Rda1 Qb8 30. Qa3 Nb6 31. b3 Ree7 32. Ne1 Qb7 33. f3 Kh7 34. Nd3 Nd7
35. Rxa7 Qb6 36. Rxc7 Qxc7 37. Qa7 Qc8 38. Qa8 Qc7 39. Ra7 Qd6 40. Qc6 Qxc6 41.
bxc6 Nb6 42. Rb7 Nc8 43. Nxc5 1-0

[Event "Russian Championship G21 2021"]
[Site "?"]
[Date "2021.04.25"]
[Round "5.5"]
[White "Shvedova, Alexandra"]
[Black "Filippova, Darya"]
[Result "1-0"]
[WhiteElo "2000"]
[BlackElo "1915"]
[PlyCount "63"]
[EventDate "2021.??.??"]

1. e4 c6 2. d4 d5 3. e5 Bf5 4. h4 h6 5. g4 Bd7 6. Nc3 e6 7. Nf3 c5 8. Be3 cxd4
9. Nxd4 Nc6 10. f4 h5 11. gxh5 Nh6 12. Qd2 Bb4 13. a3 Be7 14. O-O-O Nxd4 15.
Bxd4 a6 16. Rg1 b5 17. Bd3 Bf8 18. Qe3 Qe7 19. f5 b4 20. f6 gxf6 21. exf6 Qd6
22. axb4 Qxb4 23. Nxd5 Qa5 24. Bb6 Qxd5 25. Be4 Qa2 26. Bxa8 Qa1+ 27. Kd2 Qxb2
28. Ba5 Nf5 29. Qc3 Qb8 30. Bc6 Qf4+ 31. Ke2 Qh2+ 32. Rg2 1-0

[Event "Russian Championship G21 2021"]
[Site "?"]
[Date "2021.04.25"]
[Round "5.6"]
[White "Kochukova, Anna"]
[Black "Grigorieva, Yulia"]
[Result "0-1"]
[WhiteElo "2108"]
[BlackElo "2236"]
[PlyCount "58"]
[EventDate "2021.??.??"]

1. e4 e5 2. Nf3 Nc6 3. Bc4 Nf6 4. d3 Bc5 5. c3 O-O 6. O-O d5 7. exd5 Nxd5 8.
Re1 Bg4 9. Nbd2 Nb6 10. Bb5 Bd6 11. a4 a5 12. Bxc6 bxc6 13. h3 Bh5 14. Ne4 f5
15. Ng3 Bxf3 16. Qxf3 Qd7 17. Nf1 Rae8 18. Qd1 Rf6 19. Nd2 e4 20. Qb3+ Kh8 21.
dxe4 fxe4 22. Rxe4 Bc5 23. Rxe8+ Qxe8 24. Qd1 Rxf2 25. Kh1 Qg6 26. Qg4 Qd3 27.
b4 Rf1+ 28. Nxf1 Qxf1+ 29. Kh2 Bg1+ 0-1

[Event "Russian Championship G21 2021"]
[Site "?"]
[Date "2021.04.25"]
[Round "5.7"]
[White "Zotova, Anastasia"]
[Black "Koroleva, Evgeniya"]
[Result "1/2-1/2"]
[WhiteElo "2160"]
[BlackElo "1884"]
[PlyCount "82"]
[EventDate "2021.??.??"]

1. e4 c5 2. Nf3 e6 3. d4 cxd4 4. Nxd4 Nf6 5. Nc3 Nc6 6. Nxc6 bxc6 7. Bd3 d5 8.
exd5 cxd5 9. O-O Bd6 10. Bg5 h6 11. Bb5+ Bd7 12. Bxf6 gxf6 13. Bxd7+ Qxd7 14.
Re1 Rd8 15. Qf3 Be5 16. Rad1 Kf8 17. h3 Rg8 18. Ne2 Qc7 19. c3 Rg6 20. Qe3 Bd6
21. Nd4 Be5 22. Qd3 Kg7 23. f4 Bxd4+ 24. Qxd4 Kh7 25. Rd2 Rdg8 26. f5 exf5 27.
Qxd5 Rg5 28. Rf1 Qg3 29. Qf3 Qc7 30. h4 Qb6+ 31. Kh1 Rg4 32. Qxf5+ R8g6 33. Rf4
Rxf4 34. Qxf4 Qe6 35. Rf2 Kg7 36. Qf5 Qd6 37. c4 h5 38. b3 Rg4 39. Qxh5 Qd1+
40. Kh2 Qd6+ 41. Kh1 Qd1+ 1/2-1/2

[Event "Russian Championship B21 2021"]
[Site "?"]
[Date "2021.04.27"]
[Round "7.4"]
[White "Stukan, Martin"]
[Black "Lobanov, Sergei"]
[Result "1/2-1/2"]
[WhiteElo "2390"]
[BlackElo "2520"]
[PlyCount "81"]
[EventDate "2021.??.??"]

1. c4 c6 2. Nf3 d5 3. d4 Nf6 4. g3 dxc4 5. Bg2 g6 6. O-O Bg7 7. a4 Ne4 8. Nc3
Nxc3 9. bxc3 O-O 10. Ba3 Nd7 11. Nd2 Nb6 12. e4 Be6 13. Qc2 Nc8 14. Rab1 Rb8
15. Rfe1 b5 16. Nf1 Qd7 17. Ne3 Nd6 18. d5 cxd5 19. exd5 Bh3 20. Bxh3 Qxh3 21.
axb5 Qd7 22. Bxd6 Qxd6 23. Qe4 Bxc3 24. Rec1 Qe5 25. Qxe5 Bxe5 26. Nxc4 Bc7 27.
Re1 Rfe8 28. Ra1 Rxb5 29. Rxa7 Rc5 30. d6 Bd8 31. Ra8 Rxc4 32. dxe7 Rd4 33.
exd8=Q Rexd8 34. Rxd8+ Rxd8 35. Kg2 Kg7 36. Kg1 h5 37. h4 Rd6 38. Kg2 Rd2 39.
Kg1 Ra2 40. Kg2 Rb2 41. Kg1 1/2-1/2